[Event "Bundesliga 9596"]
[Site "Germany"]
[Date "1996.??.??"]
[Round "?.2"]
[White "Atlas, Valeri"]
[Black "Conquest, Stuart"]
[Result "1-0"]
[WhiteElo "2440"]
[BlackElo "2540"]
[Annotator "Atlas,V"]
[PlyCount "81"]
[EventDate "1995.10.14"]
[EventType "team-tourn"]
[EventRounds "15"]
[EventCountry "GER"]
[SourceTitle "GER-chT"]
[Source "ChessBase"]
[SourceDate "1999.07.01"]
[SourceVersion "1"]
[SourceVersionDate "1999.07.01"]
[SourceQuality "1"]
[WhiteTeam "Muenchen 36"]
[BlackTeam "Wuppertal"]
[WhiteTeamCountry "GER"]
[BlackTeamCountry "GER"]

1. e4 e5 2. Bc4 Nf6 3. d3 Bc5 4. Nf3 d6 5. c3 O-O 6. Bb3 Nbd7 $5 (6... Nc6) 7.
h3 a6 (7... Re8 8. g4 $5) 8. Nbd2 Ba7 9. Qe2 $6 (9. Nf1 $142 $1 {/\g4, /\Ng3,
Bg5} Nc5 10. Bc2 d5 11. Qe2 $14) 9... Nc5 10. Bc2 Nh5 $1 11. Nf1 {/\g4} f5 $1 (
11... Ne6 12. g3 $14) 12. exf5 Bxf5 (12... Nf4 $6 13. Bxf4 exf4 14. O-O-O Bxf5
15. d4 $16 {ץa7}) (12... Rxf5 13. d4 (13. g4 $6 Nf4) 13... e4 (13... exd4 14.
cxd4) 14. Bxe4 (14. Ng5 $5) 14... Nxe4 15. Qxe4 $16) 13. g4 Nf4 $2 (13... Bg6
$142 $1 14. b4 $1 (14. gxh5 $2 Bxh5 15. N1h2 (15. N1d2 Qf6 16. b4 e4 17. dxe4
Qxc3 18. O-O (18. bxc5 Bxf3) 18... Qxc2 $19) 15... Qf6 16. Bd1 Qf5 $17) 14...
Ne6 (14... Nxd3+ 15. Bxd3 e4 16. Bc4+ d5 17. Nd4) 15. Bb3 $13) 14. Bxf4 exf4
15. O-O-O $1 $16 {>< Ba7} Bg6 (15... Re8 16. Qd2 $16) 16. h4 Qd7 17. N1h2 $1 (
17. h5 $6 Rae8 18. Qd2 Qxg4 $132) 17... Kh8 18. h5 Rae8 19. Qd2 Bf7 20. d4 $1
Ne4 21. Bxe4 Rxe4 22. Ng5 Ree8 23. Nxf7+ (23. Nhf3 $5 Qd8 (23... Bg8 $2 24. Nh4
{/\Ng6+-}) (23... Qxg4 $2 24. Rdg1 Qd7 (24... Qf5 25. Nh4 $18) 25. Qc2 Bg8 26.
Nh4 $18) (23... h6 24. Nxf7+ Rxf7 25. Rdg1 $16) 24. Nxf7+ $16) 23... Qxf7 24.
Nf3 $1 {[#]} (24. Kb1 $2 f3 $1 $132) 24... Qxa2 25. Rhe1 $1 c5 26. d5 c4 27.
Ng5 {/\Nf7+-} Qa1+ $8 28. Kc2 Qa4+ 29. Kb1 f3 $1 30. Ne6 Rf7 $8 (30... Rg8 31.
h6 $18) 31. h6 g6 (31... gxh6 $142 $16) 32. Ng5 Rff8 33. Rxe8 Qxe8 (33... Rxe8
{/\Re2} 34. Ne6 (34. Re1 Rxe1+ 35. Qxe1 Bxf2 36. Qh1 $1 $18 (36. Qxf2 $4 Qd1+
37. Ka2 Qb3+ $10)) 34... Bxf2 35. Rf1 Bg3 36. Qe3 Be5 37. Qxf3 $18) 34. Re1 Qd7
35. Re6 $18 Qd8 36. Ne4 Qh4 37. g5 {/\Nf6, Re7+-} (37. Nf6 $6 Bxf2 38. Qxf2 $2
Qxf2 39. Re7 Qe1+ $1 40. Rxe1 f2 $19) (37. Qf4 Qd8 38. Rxd6 $18) 37... Kg8 38.
Nf6+ Rxf6 39. Rxf6 Bxf2 40. Ka2 $1 Qg3 41. Qd1 $1 {/\Rf3, /\Qa4} (41. Qd1 Be3 (
41... Bc5 42. Qa4 $18) 42. Rxf3 Qxg5 43. Qe2 $18) 1-0

[Event "AUT-chT 0001"]
[Site "Austria"]
[Date "2000.10.21"]
[Round "1.4"]
[White "Atlas, Valeri"]
[Black "Rabiega, Robert"]
[Result "1/2-1/2"]
[WhiteElo "2468"]
[BlackElo "2486"]
[Annotator "Atlas,V"]
[PlyCount "123"]
[EventDate "2000.10.21"]
[EventType "team-tourn"]
[EventRounds "11"]
[EventCountry "AUT"]
[SourceTitle "EXT 2001"]
[Source "ChessBase"]
[SourceDate "2000.11.22"]
[SourceVersion "1"]
[SourceVersionDate "2000.11.22"]
[SourceQuality "1"]
[WhiteTeam "Hohenems SK"]
[BlackTeam "Graz ESV Austria"]
[WhiteTeamCountry "AUT"]
[BlackTeamCountry "AUT"]

1. e4 e5 2. Bc4 Nf6 3. d3 c6 4. Nf3 d5 5. Bb3 a5 6. a3 Bd6 (6... a4 7. Ba2 {
also deserves attention here:} Bd6 8. Nc3 Be6 (8... dxe4 9. dxe4 O-O 10. Bg5
Qe7 11. Nh4 Bc5 12. Qf3 Be6 13. Nf5 Qd8 14. Nh6+ Kh8 15. O-O Nbd7 16. Bxe6 fxe6
17. Ng4 Qe8 18. Nxf6 Nxf6 19. Be3 Nd5 20. Qg3 Bxe3 21. Nxd5 Bxf2+ 22. Rxf2 exd5
{1/2-1/2 Kristensen,L-Jorgensen,P/DEN 1997/EXT 99 (41)}) 9. O-O dxe4 10. dxe4
Bxa2 11. Rxa2 O-O 12. Bg5 Qe7 13. Nh4 Qe6 14. Qf3 Nbd7 15. Nf5 Bc5 16. Rd1 g6
17. Nh6+ Kg7 18. Raa1 Ng8 19. Nxg8 Kxg8 20. Be3 Be7 21. Rd2 b5 22. Rad1 Nc5 23.
Ne2 Nb7 24. Rd7 Nd6 25. Qh3 f5 26. R1xd6 {1-0 Moreno Ruiz,J-Mellado,J/
Torrevieja 1997/CBM 60 ext (26)}) 7. Nc3 dxe4 ({The alternatives are:} 7... d4
8. Ne2 a4 9. Ba2 Be6 10. Bxe6 fxe6 11. O-O c5 12. c4 Nc6 13. b3 axb3 14. Qxb3
Qd7 15. Bd2 O-O 16. Rfb1 b6 17. Qd1 {1/2-1/2 Soppe,G-Valerga,D/Buenos Aires
ch-AR 1994 (17)}) ({and} 7... Be6 8. exd5 Bxd5 9. Nxd5 Nxd5 10. O-O O-O 11. Re1
Nd7 12. d4 Re8 13. Bg5 Qc7 14. c4 Nf4 15. c5 Be7 16. Qc2 Nd5 17. dxe5 Bf8 18.
Bh4 Nxc5 19. Ba2 Ne6 20. Rad1 Rac8 21. Bg3 Qb6 22. h4 Rcd8 23. h5 Qc5 24. Qe4
Ndc7 25. Bb1 g6 26. Ba2 {1-0 Zhelnin,V-Raetsky,A/Smolensk 2000/CBM 77 (42)}) 8.
Ng5 O-O 9. Ncxe4 Nxe4 10. Nxe4 Bf5 11. Qf3 (11. Nxd6 Qxd6 {does not yield
White any advantage;}) (11. Ng3 $5 {was worth considering.}) 11... Bxe4 12.
dxe4 Na6 13. O-O Nc5 14. Rd1 Qe7 ({After} 14... Nxb3 15. Qxb3 $14 {White has a
minimal, but durable advantage.}) 15. Ba2 Ne6 (15... Rad8 {is strongly met by}
16. Qg4 $14 {/\Bg5, Bh6}) 16. Bxe6 ({Although the text move guarantees White a
durable slight advantage due to the better bishop,} 16. Be3 $5 {was more
ambitious here. Now, if} Nd4 {, then} 17. Qg4 $1 (17. Bxd4 exd4 18. Rxd4 Bxh2+)
17... Nxc2 $140 $2 18. Bg5 $1) 16... Qxe6 ({After} 16... fxe6 17. Qe2 {White
keeps an edge.}) 17. Be3 Bc7 (17... Rad8 $2 {falls short of} 18. Bb6) 18. h3 $1
Rfd8 19. Qg4 $1 {[%cal Gg4e6,Gd1d7] Queen exchange is favourable for White, as
in the ending the difference in bishop capabilities will be more apparent} Qxg4
20. hxg4 {/\g5} h6 $1 ({A sound defensive concept. Black prevents the
advancement of the g4-pawn, which could allow White to exploite the h-file.} 
20... Rxd1+ $5 21. Rxd1 Rd8 22. Rc1 $14) 21. Kf1 f6 22. a4 Kf7 23. Ke2 Ke6 24.
Rxd8 Rxd8 25. Ra3 {/\Rb3} (25. c4 $5 {and 25 g3 with the idea 26.f4 were
plausible alternatives to the text.}) 25... b6 26. Rc3 c5 27. Rd3 $6 {[%cal
Ge2d3,Gd3c4]} ({Tempting, but not the strongest continuation. White's obvious
advantage in the bishop endgame is insufficient for win. Instead,} 27. Ra3 $1 {
was to be preferred. Keeping the rooks on the board, White would have good
winning chances and could choose between the following plans: - either playing
c2-c4 and transferring his rook to h5 followied by g2-g3, f2-f4, and g4-g5 -
or bringing his rook to b1 and preparing c2-c3 followed by b2-b4.}) 27... Rxd3
28. Kxd3 Kd6 29. Kc4 (29. f4 $6 exf4 30. Bxf4+ Kc6 31. Bxc7 Kxc7 {does not
promise White any advantage.}) 29... Kc6 30. Bd2 Bd6 31. b3 Bc7 32. Bc1 Bd6 33.
Be3 Bc7 34. Bd2 Bb8 35. c3 {[%cal Gb3b4]} Bd6 36. Be3 Bc7 (36... Be7 {was also
possible:} 37. f4 exf4 38. Bxf4 Bd6 39. Bxd6 Kxd6 40. Kb5 Kc7 41. Ka6 Kc6 42.
Ka7 Kc7 43. c4 g6 {, and White cannot win.}) 37. b4 cxb4 38. cxb4 axb4 39. Kxb4
Bd6+ 40. Kc4 Bf8 41. f3 ({Tempting bishop sacrifice} 41. Bxb6 $2 {could be
fatal for White:} Kxb6 42. Kd5 Ka5 43. Ke6 Bc5 44. f3 Kxa4 45. Kf7 Be3 46. Kxg7
Bg5 47. g3 Kb4 48. f4 Bxf4) 41... Bd6 42. Bc1 Bc7 43. g3 g5 44. Bb2 Bd6 45. f4
Bc7 46. f5 Bd6 47. Bc3 Bc5 48. Be1 Bd6 49. Bf2 Bc7 (49... Be7 {was also
possible, as} 50. Bxb6 $6 {cannot be recommended for White:} Kxb6 51. Kd5 Kc7
52. Ke6 Bd8 53. a5 Kb7 54. a6+ Kxa6 55. Kd7 Ba5 56. Ke7 Kb5 57. Kxf6 Bc7 58.
Kg7 (58. Ke7 Kc5 59. f6 Kd4 60. f7 Ba5 $19) 58... Kc5) 50. Be3 Bd8 51. Bc1 Be7
52. Bd2 Bc5 53. Bc3 Bd6 54. Ba1 Bc5 55. Bb2 Bd6 56. Bc1 Bc5 57. Bd2 Bd6 58. Be3
Bc7 59. Bg1 Bd8 60. Bf2 Bc7 61. Be1 Bd6 62. Bc3 1/2-1/2

[Event "Linares Anibal op 08th"]
[Site "Linares"]
[Date "2001.01.11"]
[Round "4"]
[White "Avrukh, Boris"]
[Black "Skripchenko, Almira"]
[Result "1-0"]
[WhiteElo "2625"]
[BlackElo "2440"]
[Annotator "Avrukh,B"]
[PlyCount "41"]
[EventDate "2001.01.08"]
[EventType "swiss"]
[EventRounds "11"]
[EventCountry "ESP"]
[SourceTitle "CBM 081"]
[Source "ChessBase"]
[SourceDate "2001.03.20"]
[SourceVersion "1"]
[SourceVersionDate "2001.03.20"]
[SourceQuality "1"]

1. e4 {Lukacs} e5 2. Bc4 Nf6 3. d4 exd4 4. Nf3 Nxe4 5. Qxd4 {Sometimes it's
difficult to explain why suddenly you decide to play such an opening,when you
are player of d4-first move!} Nf6 (5... d5 6. Bxd5 Nf6 (6... Nd6 7. O-O $14 {
Lane}) 7. Bxf7+ Kxf7 8. Qxd8 Bb4+ 9. Qd2 $14 {(Euwe/Lane)} Re8+ 10. Kf1 Bxd2
11. Bxd2 $14 {1/2-1/2 Freeman,R-Baker,C/Brighton 1984/EXT 99/[Bulletin] (21)})
6. Nc3 (6. Bg5 $143 Nc6 (6... Be7 {-6.Nc3}) 7. Qh4 d5 8. Bxf6 gxf6 9. Bb3 {
Tartakover - Shories, Barmen 1905} Qe7+ $1 $17 {/\Be6,0-0-0 Forintos, Haag})
6... c6 (6... Nc6 $143 7. Qh4 Be7 8. Bg5 d5 9. O-O-O Be6 10. Rhe1 $40 h6 11.
Bxf6 Bxf6 12. Qh5 $1 {[%cal Ge1e6]} Bxc3 (12... O-O 13. Bxd5) 13. Rxe6+ Kf8 14.
Rxd5 Qc8 15. Rxc6 g6 16. Rxg6 $1 fxg6 17. Qxg6 Qe8 18. Rf5+ Ke7 19. Qe6+ Kd8
20. Rd5+ {1-0 Tereshchenko,N-Rotlewi,G/St Petersburg 1909/HCL (20)}) (6... Be7
7. Bg5 d5 (7... Nc6 8. Qh4 d5 (8... d6) 9. O-O-O Be6 10. Rhe1 O-O 11. Bd3 h6
12. Kb1 $1 {Lane}) (7... O-O 8. O-O-O h6 $2 9. Qh4 d6 10. Bxh6 $1 gxh6 11. Qxh6
Nh7 12. h4 Nc6 13. Bd3 f5 14. Bc4+ Kh8 15. Ng5 {1-0, Hauser-Szymczak, Poland
1989}) 8. Nxd5 Nxd5 9. Qxd5 Qxd5 10. Bxd5 c6 {Gibbs - Littlewood, Ilford 1961}
11. Bc4 $14 {Schwarz}) 7. Bg5 d5 8. O-O-O {Lukacs: 'White has a phantastic
lead of development for the sacrificed P.'} Be7 (8... Be6 9. Rhe1 Be7 10. Qh4 {
'!' Lukacs.} Nbd7 11. Bd3 Nc5 {'!' Lukacs.} 12. Nd4 Ng8 {'!' Lukacs. Lukacs:
'This is the cold-blooded defence.'} 13. Bxe7 Qxe7 14. Qg3 g6 15. b4 $2 (15. f4
$142 O-O-O {Lukacs: 'Now Black's K is in safety.'} 16. f5 gxf5 (16... Nxd3+ $2
17. Rxd3 gxf5 18. Ncb5 $1) 17. Bxf5 $44) 15... Nxd3+ 16. Rxd3 Nf6 17. Qh4 O-O
18. Rde3 Rae8 $17 {0-1 Estrin,Y-Bykhovsky,A/Moscow 1964/MCD (49)}) 9. Qh4 {
Lukacs: 'White is preparing an attack against Black's >>. '} (9. Rhe1 Be6 (9...
O-O 10. Qh4 Bf5 (10... h6 $2 11. Bxd5 $1 {Lukacs: 'White has to open lines
because of his enormous lead of development.'} Nbd7 (11... cxd5 12. Nxd5 $16 (
12. Rxe7 $6 hxg5 13. Nxg5 Bf5 $17) 12... Nxd5 13. Bxe7 $18) (11... hxg5 12.
Bxf7+ {'!' Lukacs.} Kxf7 13. Qc4+ Kg6 14. Rxd8 Bxd8 15. Ne5+ Kh7 16. Qd3+ Kg8
17. Ng6 $18 {Forintos, Haag}) 12. Bc4 $16 {Schlechter - Neustadt & Tietz,
Karlsbad 1901} b5 (12... hxg5 {Lukacs} 13. Nxg5 b5 14. Nce4 $1 $18) 13. Bd3
hxg5 14. Nxg5 Re8 15. Bh7+ Kf8 16. Bf5 $18 {Schlechter-Neustadt/Tietz,
Karlsbad 1901}) 11. Nd4 Bg6 12. Bd3 h6 13. Bxg6 hxg5 14. Qxg5 fxg6 15. Ne6 Ne4
16. Qxg6 Bg5+ 17. f4 Qf6 18. Qxf6 Bxf6 19. Nxe4 dxe4 20. Nxf8 $16 {Caro -
Janovsky, Berlin 1897}) 10. Bd3 (10. Qh4 {'!' Lukacs.} Nbd7 11. Nd4 {'!'
Lukacs.} Nf8 (11... dxc4 $1 {Lukacs} 12. Nxe6 $1 (12. Rxe6 $6 {Lukacs} fxe6 13.
Nxe6 Qa5 $19) 12... fxe6 13. Bxf6 $1 (13. Qxc4 {Lukacs allows the black K to
escape:} O-O 14. Qxe6+ Rf7 15. Bxf6 Bxf6 16. Ne4 Qe7 17. Qxe7 Bxe7 $17) 13...
gxf6 $1 (13... Bxf6 $6 {Lukacs gives White a ferocious ->.} 14. Rxe6+ Kf8 (
14... Kf7 $2 {Lukacs} 15. Qxc4 $1 $16) 15. Qg4 (15. Qg3 $44 {Lukacs}) 15...
Bxc3 16. bxc3 Qc7 (16... Qc8 {Lukacs} 17. Qf5+ Nf6 18. Rd7 $1) 17. Qf5+ {
The K in the middle is in terrible danger.} Nf6 18. Rd7 $1 $16 {with a nasty
penetration on the seventh rank.}) 14. Qh5+ Kf8 15. Qh6+ $1 {White has to be
satisfied with a perpetual check.} ({Pushing too hard is a double-edged
business:} 15. Rxe6 {Lukacs} Qe8 16. Qf5 (16. Qxe8+ {Lukacs} Kxe8 17. Rde1 Ne5
18. f4 Ng6) 16... Rd8 $1 (16... Rg8 {Lukacs} 17. Rxe7 Qxe7 (17... Kxe7 {Lukacs}
18. Qxh7+) 18. Rxd7 Rg5 19. Qh3 Rh5 20. Qg4 Rh4 21. Qxh4 Qxd7 22. Qxf6+ Kg8 23.
Ne4 $44) 17. Rde1 Qg6 18. Qxg6 hxg6 19. Rxe7 Rxh2 $15 {and the _|_ can only be
better for Black.}) 15... Kf7 (15... Ke8 {Lukacs} 16. Qg7 Rf8 17. Rxe6) 16.
Qh5+ Kf8 (16... Kg7 $2 {Lukacs} 17. Qg4+ Kf8 18. Qxe6 $18) 17. Qh6+ Kf7 (17...
Ke8 {Lukacs} 18. Qg7 Rf8 19. Rxe6 Rf7 20. Qh8+ Rf8 21. Qxh7 $16) (17... Kg8 {
Lukacs} 18. Qe3 $1 e5 19. Qh3 $16) 18. Qh5+ $11) (11... Nc5 $5 {Lukacs} 12. f4
$1 (12. b4 $5 {Lukacs is answered by} Nce4 $1 (12... Nfe4 {Lukacs is less
impressive because of} 13. Bxe7 Qxe7 14. Qxe7+ Kxe7 15. Nxd5+ cxd5 16. bxc5 $13
) 13. Rxe4 $1 (13. Nxe6 {Lukacs} fxe6 14. Rxe4 Nxe4 15. Nxe4 Qc7) 13... Nxe4
14. Nxe4 Qc7 $1 $13) 12... Nfd7 13. Bxe7 Qxe7 14. Qxe7+ Kxe7 15. b4 $1 dxc4 16.
bxc5 $14 {/\ f5} ({and not} 16. f5 $2 {Lukacs} Na6 17. fxe6 Nb6 18. exf7+ Kxf7
19. Rf1+ Kg6 20. Nf3 h6 21. Ne5+ Kh7 22. Rf7 Rhe8 23. Nf3 Nxb4 24. Rxb7 N4d5
$17 {Wapner-Lukacs, Budapest 1997})) 12. Nf5 (12. Bd3 $1 {Lukacs Now the B
cannot be attacked from c5.} h6 13. Nf5 Bxf5 14. Bxf6 Be6 (14... Ng6 {Lukacs}
15. Bxe7 $1 $18) 15. Bxe7 Qxe7 16. Qd4 Rg8 17. f4 $44 {/\ f5 and 0-0-0 is no
escape from trouble because >< a7 is hanging.}) 12... Bxf5 13. Bxf6 {Lukacs: '
(Schlechter-Teichmann,Vienna m 1904'} Be6 (13... Ne6 $1 {Lukacs} 14. Bxe7 Qxe7
$17) 14. Bxe7 Qxe7 15. Qd4 Qf6 16. Qe3 $44 {Schlechter - Teichmann, Vienna 1904
}) 10... Nbd7 11. Qh4 Nc5 {'!' Lukacs.} (11... Qa5 $6 12. Nd4 O-O 13. Nxe6 fxe6
14. Rxe6 Bb4 15. Ne2 $16 {Estrin - Klaman, USSR 1946}) (11... c5 12. Ne5 Nxe5
13. Rxe5 d4 14. f4 Nd7 15. Bb5 Bxg5 16. fxg5 Qc7 17. Bxd7+ Kxd7 18. Qe4 $36 {
Timoschenko - Karpov, Moscow jun 1969} Rad8 19. Nd5 Qd6 20. c3 Kc8 {Schwarz}) (
11... Nf8 $2 12. Nd4 $16) (11... Ng8 $2 12. Qg3 $16) 12. Nd4 (12. Bf5 $2 {
Lukacs is met by} Bxf5 13. Bxf6 Ne6 $1 14. Bxe7 Qxe7 15. Nxd5 cxd5 16. Qa4+ Kf8
17. Rxd5 Bg6 $19) 12... Ng8 {'!' Lukacs. Lukacs: 'This is the cold-blooded
defence.'} (12... Nfd7 $2 13. Bxe7 (13. f4 Bxg5 14. fxg5 Nxd3+ 15. Rxd3 Nc5 16.
Rh3 a5 17. Qh5 $16 {Prokes - Spielmann, Vienna 1907}) 13... Qxe7 14. Qxe7+ Kxe7
15. f4 $16 {Neistadt - Volkovich, Moscow 1958}) 13. Bxe7 (13. f4 Bxg5 14. fxg5
Ne7 $17 {Bykhovsky}) 13... Qxe7 14. Qg3 Qf6 $5 (14... g6 {8...Be6} 15. Nce2 (
15. b4 {Lukacs is pushing too hard.} Nxd3+ 16. Rxd3 Nf6 17. Qh4 O-O 18. Nde2
Rae8 $17 {Estrin-Byhovskij, SU 1964}) (15. f4 {Lukacs} O-O-O {Now Black's K is
in safety.} 16. Bf1 Nh6 17. b4 Ne4 $1 18. Nxe4 dxe4 $17 {Zimniok-Splosnov,
Karvina op 1998}) 15... O-O-O) 15. Be2 $5 (15. Qd6 Nxd3+ (15... Qxd4 $2 16. Nb5
$18) (15... Qe7 $142 $5 $44) 16. Rxd3 Rd8 17. Qa3 $36 {Open Game Various-4.Bc4
Ne4/Survey 1994/MAS C43 AY/[Jussupow] (17)}) 15... Nh6 16. Bf3 Rd8 {[%csl Gd6]}
(16... O-O 17. Qd6) 17. b4 Na6 18. b5 Nc5 19. bxc6 bxc6 20. Qc7 O-O 21. Qxc6
Rc8 $36 {[%csl Gc1] 1/2-1/2 Burkett,M-Fester,A/IECG email 1998/76 telechess 
(43)}) 9... Nbd7 $5 $146 (9... Be6 10. Bd3 Nbd7 11. Rhe1 {-9.Rhe1}) (9... Qa5
$2 10. Rhe1 Be6 11. Nd4 $40 {Neikinheimo - Crepaux, Dubrovnik (ol) 1950}) 10.
Rhe1 $1 {[%mdl 512]} (10. Bd3 Nc5 {White compensation doesn't looks clear for
me}) 10... dxc4 (10... O-O 11. Bd3 {Lukacs: '>< h7'} h6 {'!' Lukacs. Lukacs:
'This is the best defence.'} (11... g6 12. Re2 {[%cal Gd1e1] -ECO} Re8 13. Rde1
Ne4 (13... Kg7 {Lukacs} 14. Bf5 $1 {all pieces are participating in the ->.}
gxf5 15. Rxe7 $1 $18) 14. Nxe4 $1 dxe4 15. Rxe4 f6 16. Bc4+ Kg7 17. Qxh7+ $3 {
In this line brilliancy is very common!} Kxh7 18. Rh4+ Kg7 19. Bh6+ $18 {Evans}
) 12. Bxh6 $8 gxh6 13. Qxh6 Re8 $8 14. Ng5 (14. Nd4 $143 Nf8 15. Qg5+ Kh8) (14.
Qg5+ $11 Kf8 (14... Kh8 $2 {Lukacs} 15. Ne5 Rf8 16. Re3 $18) 15. Qh6+) 14...
Nf8 15. Re3 {[%cal Ge3g3]} Qd6 16. Rg3 Qf4+ 17. Kb1 Ng4 18. Bh7+ Kh8 19. Rxg4
Bxg4 20. Nxf7+ Qxf7 21. Bg6+ Qh7 22. Bxh7 Nxh7 $13) (10... Kf8 11. Bxd5 $1 (11.
Bd3 Nc5 12. Nd4 h6) 11... cxd5 12. Rxe7 $1 Qxe7 13. Nxd5 Qe4 14. Bf4 $40) 11.
Bxf6 gxf6 12. Ne4 $1 {[%mdl 128] Now white knight coming to f5 and position of
black king becomes very dangerous.} O-O {'?' Lukacs. Lukacs: 'Castling was the
real danger!'} (12... Kf8 $1 {Lukacs} 13. Ng3 $1 Qa5 $1 (13... h6 {Lukacs} 14.
Nf5 $1 {White has a strong -> for the sacrificed piece.} Bc5 (14... Bb4 {Lukacs
} 15. c3 Bc5 16. Ne5 $1 Rh7 17. Nxf7 $1 {This is the devastating move!} Kxf7
18. Qxc4+ Kg6 19. Qg4+ Kf7 20. Qh5+ Kf8 21. Qg6 $18) 15. Ne5 c3 $1 16. b4 $1 {
parrying the mating threats on b2.} (16. Nxf7 {Lukacs} Qb6 $1) 16... Bb6 17.
Nxf7 $1 Kxf7 18. Qh5+ Kf8 19. Qg6 $18) 14. Qh6+ $1 ({There is no time for} 14.
Kb1 {Lukacs because of} h6) 14... Ke8 15. Nh4 $1 {>< f5} Qxa2 $1 {Black'c
counterattack comes just in time.} (15... Nf8 {Lukacs} 16. Rxe7+ $1 {This is a
typical method against the K in the middle. White liquidates the defensive
piece.} (16. Qxf6 {Lukacs} Be6 17. Qxh8 Qg5+) 16... Kxe7 17. Qe3+ Ne6 (17...
Be6 {Lukacs} 18. Nhf5+ Ke8 19. Ng7+ Ke7 20. N3f5+ $18) 18. Nhf5+ Ke8 19. Qh6 $1
{White is a rook down and making "quiet" moves.} Qxa2 20. Qxf6 {This was the
idea.} Qa1+ 21. Kd2 Qa5+ 22. Ke2 Nf4+ 23. Kf3 $18 {and the K is running away
from the checks, while his colleague will get mated.}) 16. Nhf5 (16. Rxe7+ {
Lukacs} Kxe7 17. Nhf5+ Ke8 18. Ng7+ Kd8 19. Qxf6+ Kc7 20. Qd6+ Kb6) 16... Qa1+
17. Kd2 Qa5+ 18. Kc1 Qa1+ $11 ({avoiding the perpetual checks is not wise:} 
18... Kd8 $2 {Lukacs} 19. Rxe7 Qa1+ 20. Kd2 Qxb2 (20... Qa5+ {Lukacs} 21. Ke2
Re8 22. Rxe8+ Kxe8 23. Nd6+ $16) 21. Qg7 $16)) 13. Ng3 {[%cal Gg3f5]} Kh8 ({
Another defending way was} 13... Re8 14. Qe4 (14. Qxc4 Bf8) (14. Nh5 Kh8 15.
Qxc4 Rf8 (15... Bf8 16. Qxf7 Re7)) (14. Qg4+ Kh8 15. Qxc4 Bf8 $1 16. Qxf7 Rxe1
17. Rxe1 Bh6+ 18. Kb1 Qg8 19. Re8 Bf8 20. Qh5 Qg6 $17) 14... f5 $1 15. Qxf5 (
15. Nxf5 $2 Bg5+ {[%cal Ge8e4]}) 15... Bb4 16. Ne4 (16. Rxe8+ Qxe8 17. Qg5+ Kh8
18. Rxd7 Qxd7 19. Qf6+ Kg8 20. Nh5 Kf8 21. Qg7+ Ke7 22. Qf6+ $11) 16... Qa5 $1
(16... Bxe1 17. Nfg5 $18) 17. Nd6 Rxe1 18. Qxf7+ Kh8 19. Rxe1 Bxe1 20. Qe8+ Kg7
21. Qf7+ Kh8 $11) 14. Nf5 (14. Re4 Re8 (14... Rg8 15. Nf5 Bf8 16. Ne5) 15. Nf5
Bf8 16. Rxe8 Qxe8 17. Rxd7 Bxd7 18. Qxf6+ Kg8 19. Qg5+ $11) 14... Bc5 $2 {
Here black missed his last chances to get strong counterplay:} (14... Bb4 $1
15. c3 (15. Re4 Qa5 16. N3d4 (16. Ne5 Qxa2 17. Qxh7+ $11) 16... Rg8 (16... Qxa2
17. c3 Qa1+ 18. Kc2 Qa4+ 19. Kd2 Rg8 (19... Rd8 20. Nh6 Rf8 21. Ndf5 $18) 20.
cxb4 (20. Nh6 Rg6) (20. Qxh7+ Kxh7 21. Rh4+ Kg6 22. Rh6+ Kg5) 20... Qxb4+ 21.
Ke2 Qxb2+ 22. Kf1 c3 23. Rg4 $18) 17. Kb1 (17. Qxh7+ $11) 17... Rg6 18. Re8+
Nf8 $17) (15. Re3 Qa5 16. Ne5 $11 {[%cal Gh4h7]}) (15. Rxd7 Bxd7 16. Rd1 Be7
17. Nxe7 Qxe7 18. Rxd7 Qe6 $17) 15... Bxc3 $1 16. Ne7 (16. Re7 Qa5 {[%csl Gf5]}
) (16. bxc3 Qa5 17. Nd6 Qxc3+ $11) 16... Re8 17. bxc3 Rxe7 18. Qxf6+ Nxf6 19.
Rxd8+ Re8 20. Rdxe8+ Nxe8 21. Rxe8+ Kg7 22. Ne5 b5 23. f4 c5 24. g4 Bb7 25. Re7
Bd5 $13) 15. Qh5 $6 ({More easily wins} 15. Re4 $1 Rg8 16. Nh6 Qf8 (16... Rg7
17. Ne5 $3 $18) 17. Nxg8 Qxg8 18. Rg4 $18) 15... c3 16. Re4 $1 Qb6 (16... Bxf2
{[%csl Gh4]} 17. g3 Qa5 18. Qg4 $1 (18. Rh4 Be3+ 19. Kb1 Bh6) 18... Rg8 19. Re8
Be3+ 20. Kb1 Bg5 21. Nxg5 {wins}) 17. b3 Rg8 (17... Ne5 18. Nxe5 fxe5 (18...
Bxf5 19. Qxf5 fxe5 20. Rh4 $18) 19. Rh4 Bxf5 20. Qxf5 Be3+ 21. Kb1 h6 22. Rd6
$1 Rfd8 23. Rdxh6+ {mating}) 18. Qxf7 $18 (18. Qxh7+ $2 {Beatiful but missing
the win} Kxh7 19. Rh4+ Kg6 20. g4 {[%cal Gh4h6]} Bf8 21. Rh5 {[%cal Gf3h4]}
Qxf2 22. N3h4+ Qxh4 23. Nxh4+ Kg7 24. Nf5+ Kg6 $11) 18... Qa5 (18... Qd8 19.
Rh4) 19. Rxd7 Ba3+ 20. Kb1 (20. Kd1 $2 Qxf5 21. Re8 Qxd7+) 20... Qxf5 21. Re8 (
21. Re8 Qg6 22. Rxg8+ Qxg8 23. Qxf6+ {with mate}) 1-0